| 000 | 00000nam##2200000za#4500 |
| 001 | 9.613000 |
| 003 | CaOODSP |
| 005 | 20220111083427 |
| 007 | ta |
| 008 | 150406|1996||||xxc||||| f|0| 0 eng|d |
| 020 | |a0-662-24508-3 |
| 022 | |a1713-0638 |
| 040 | |aCaOODSP|beng |
| 043 | |an-cn--- |
| 086 | 1 |aNE22-1/1996-8E |
| 110 | 1 |aCanada. |bNational Energy Board. |
| 245 | 10|aIn the matter of Trans Québec & Maritimes Pipeline Inc. : |bapplication dated 27 November 1995, as amended, for new tolls effective 1 January 1996 |
| 260 | |aCalgary - Alberta : |bNational Energy Board |cMay, 1996. |
| 300 | |av, 19p. : |btables ; |c28 cm. |
| 490 | 1 |aReasons for decision|x1713-0638 |
| 563 | |aSoftcover |
| 590 | |a96-22|b1996-05-31 |
| 775 | 08|tRelativement à Gazoduc Trans Québec & Maritimes Inc. : |w(CaOODSP)9.623851 |
| 776 | 0#|tReasons for decision in the matter of Trans Québec & Maritimes PipeLine Inc. : |w(CaOODSP)9.572506 |
| 830 | #0|aReasons for decision (Canada. National Energy Board)|x1713-0638|w(CaOODSP)9.514808 |
| 986 | |aRHW-1-96 |